000 01167nam2a22002411 4500
001 RU\NLR\INFOCOMM15\5000288066
005 20250617035322.0
035 _a(NLR Aleph) 002427724
090 _a1964529
_c1964529
100 _a20050204d2000 |||y0rusy50 ca
101 0 _aeng
_arus
102 _aRU
105 _ay ||||000|y
200 0 _a2000, 1(6)
210 _d2000
_aБ. м.
461 0 _1001RU\NLR\INFOCOMM15\5000288060
_12001#$aЭкономика. Политика. Инвестиции$eИнформ.-аналит. ежекварт. журн.$fУчредитель: Ком. экономики и пром. политики Администрации Санкт-Петербурга$v2000, 1(6)
_91964520
_cСПб.
_d1998 -
_fУчредитель: Ком. экономики и пром. политики Администрации Санкт-Петербурга
_nБ. и.
_oИнформ.-аналит. ежекварт. журн.
_tЭкономика. Политика. Инвестиции
_v2000, 1(6)
801 1 _aRU
_bInfoComm
_c20050204
801 0 _aRU
_bNLR
_gPSBO
852 _aNLR
_jП23/4473
942 _cISSUE
980 _aNB
980 _aRUSPER